Statistics for Countries Territories of the World

Click here to take the quiz!

General Stats

  • This quiz has been taken 419 times
  • The average score is 22 of 62

Answer Stats

CountryAnswer% Correct
-Niue
67%
DenmarkGreenland
65%
-Cook Islands
64%
USAGuam
59%
-Puerto Rico
59%
NetherlandsAruba
58%
-British Virgin Islands
56%
-Hong Kong
56%
-Falkland Islands
55%
NorwaySvalbard
55%
-U.S. Virgin Islands
55%
-Faroe Islands
54%
-American Samoa
53%
-Christmas Island
51%
-Bermuda
50%
New ZealandTokelau
50%
-Curaçao
47%
-Gibraltar
47%
-French Polynesia
46%
ChinaMacau
46%
UKAnguilla
44%
-Isle of Man
44%
-Montserrat
44%
-Cayman Islands
43%
-Guernsey
43%
-Jersey
43%
-New Caledonia
43%
-Northern Mariana Islands
43%
-Norfolk Island
41%
AustraliaCocos Islands
39%
-Pitcairn Islands
38%
-Turks and Caicos Islands
38%
-Collectivity of Saint Martin
37%
FinlandÅland Islands
36%
-Wallis and Futuna
35%
-Sint Maarten
34%
-British Indian Ocean Territory
32%
NorwayBouvet Island
30%
FranceSaint Barthélemy
27%
-Saint Pierre and Miquelon
26%
-Wake Island
26%
-Baker Island
23%
-Palmyra Atoll
22%
-British Antarctic Territory
21%
-Johnston Atoll
21%
-Ross Dependency
21%
-Akrotiri and Dhekelia
20%
-Jarvis Island
19%
-Clipperton Island
18%
-Howland Island
18%
-Kingman Reef
18%
-Coral Sea Islands
17%
-Midway Islands
17%
-Navassa Island
17%
-South Georgia and the South Sandwich Islands
16%
-Ashmore and Cartier Islands
14%
-Peter I Island
14%
-Australian Antarctic Territory
13%
-French Southern and Antarctic Lands
13%
-Saint Helena, Ascension and Tristan da Cunha
12%
-Heard Island and McDonald Islands
10%
-Queen Maud Island
6%

Score Distribution

Percentile by Number Answered

Percent of People with Each Score

Your Score History

You have not taken this quiz